• 首页
  • 本馆介绍
  • 公告通知
  • 最新文献
  • 馆藏检索
  • 电子资源
  • 读者导购
  • 参考咨询
  • 我的图书馆
  • 登录
  • 详细信息显示
  • 放入我的书架
  • 预约/预借图书
  • 作者相关作品
  • 分类相关作品
  • 丛书相关作品
  • 出版社相关作品

书目信息

  • 表格格式
  • 工作单格式
  • 卡片格式
题名:
陶行知教育箴言
    
 
作者: 陶行知, 著 ;朱永新,
分册:  
出版信息: 福州   福建教育出版社  2014
页数: 293页
开本: 19cm
丛书名:
单 册:
中图分类: G40-092.6
科图分类:
主题词:
电子资源:
ISBN: 978-7-5334-6334-2
000 00970nam0 2200253 45
001 012001003701
005 20131026162941.0
010    @a978-7-5334-6334-2@dCNY29.80
099    @aCAL 012014067489
100    @a20140320d2014 em y0chiy50 ea
101 0  @achi
102    @aCN@b350000
105    @ay z 000yy
106    @ar
200 1  @a陶行知教育箴言@Atao xing zhi jiao yu zhen yan@f陶行知著@g朱永新编
210    @a福州@c福建教育出版社@d2014
215    @a293页@d19cm
330    @a本书共八个部分,选录名言近300条,内容分别为陶行知先生关于教育哲学、生活教育、创造教育、校长、教师、学校管理、农村教育和家庭教育等方面的思想。
600  0 @a陶行知,@Atao xing zhi@f1891-1946@x教育思想@x箴言
690    @aG40-092.6@v5
701  0 @a陶行知,@ATao Xingzhi@f1891-1946@4著@3CAL n2004297353#@7jt0yjt0y@7ec0yec0y
702  0 @a朱永新,@AZhu Yongxin@f1958-@3CAL n2004095188#@7jt0yjt0y@7ec0yec0y
801  2 @aCN@b江苏凤凰@c20191020
905    @b1227417-20@dG40-092.6@e1012@f4
    
    陶行知教育箴言/陶行知著/朱永新编.-福州:福建教育出版社,2014
    293页;19cm
    
    
    ISBN 978-7-5334-6334-2:CNY29.80
    本书共八个部分,选录名言近300条,内容分别为陶行知先生关于教育哲学、生活教育、创造教育、校长、教师、学校管理、农村教育和家庭教育等方面的思想。
●
相关链接 在E读中查询图书 在五车中查询图书 在当当中查询图书 在豆瓣中查询图书


正题名:陶行知教育箴言     索取号:G40-092.6/1012         预约/预借

序号 登录号 条形码 馆藏地/架位号 状态 备注
1 1227417   212274171   第一样本阅览室/ [索取号:G40-092.6/1012] 在馆    
2 1227418   212274180   教育系资料室/ [索取号:G40-092.6/1012] 在馆    
3 1227419   212274199   教育系资料室/ [索取号:G40-092.6/1012] 在馆    
4 1227420   212274206   第四借阅区/ [索取号:G40-092.6/1012] 在馆    
唐山师范学院图书馆 欢迎您!
大连网信软件有限公司© 版权所有